000 00483nam a22001817a 4500
999 _c21227
_d21227
003 OSt
005 20210526102257.0
008 170126b xxu||||| |||| 00| 0 eng d
020 _a0195406788
040 _aMMU
_beng
_cMMU
_dMMU
050 _aGF41.S73 1990
100 _aStanford Quentin
245 _aThe global chanllenge/
_cQuentin Stanford.
260 _aToronto:
_bOxford University Press,
_c1990.
300 _a407 p. :
650 _aglobal challenge
942 _2lcc
_cLOAN LOAN